000 00516nam a2200181Ia 4500
008 150610s9999 xx 000 0 und d
020 _a9780316015844
050 _aPZ7
_b.M57188t 2005
100 _aMeyer, Stephenie
245 _aTwilight /
_cStephenie Meyer.
250 _a1st ed.
260 _aNew York :
_bLittle, Brown and Co., 
_c2005.
300 _a498pages ;
_c21 cm.
520 _aFiction.
650 _aHigh schools
_xFiction.
650 _aSchools
_xFiction.
650 _aWashington (State)
_bFiction.
999 _c287862
_d287862